<?xml version="1.0" encoding="UTF-8"?>
<record
    xmlns:xsi="http://www.w3.org/2001/XMLSchema-instance"
    xsi:schemaLocation="http://www.loc.gov/MARC21/slim http://www.loc.gov/standards/marcxml/schema/MARC21slim.xsd"
    xmlns="http://www.loc.gov/MARC21/slim">

  <leader>00301nam a2200097Ia 4500</leader>
  <controlfield tag="001">644466</controlfield>
  <controlfield tag="005">20250826153605.0</controlfield>
  <controlfield tag="008">250824s9999    xx            000 0 und d</controlfield>
  <datafield tag="245" ind1=" " ind2="0">
    <subfield code="a">Ba&#x15F;&#x131;ma Y&#x131;ld&#x131;r&#x131;m D&#xFC;&#x15F;t&#xFC;!   Olas&#x131;l&#x131;klar&#x131;n &#x130;lgin&#xE7; D&#xFC;nyas&#x131;</subfield>
    <subfield code="c">Jeffrey S. Rosenthal</subfield>
  </datafield>
  <datafield tag="260" ind1=" " ind2=" ">
    <subfield code="b">T&#xDC;B&#x130;TAK YAYINLARI</subfield>
  </datafield>
  <datafield tag="999" ind1=" " ind2=" ">
    <subfield code="c">644466</subfield>
    <subfield code="d">644466</subfield>
  </datafield>
  <datafield tag="952" ind1=" " ind2=" ">
    <subfield code="0">0</subfield>
    <subfield code="1">0</subfield>
    <subfield code="4">0</subfield>
    <subfield code="7">0</subfield>
    <subfield code="a">1004</subfield>
    <subfield code="b">1004</subfield>
    <subfield code="d">2025-08-24</subfield>
    <subfield code="l">0</subfield>
    <subfield code="p">10042149</subfield>
    <subfield code="r">2025-08-26 15:36:05</subfield>
    <subfield code="w">2025-08-26</subfield>
    <subfield code="y">BK</subfield>
  </datafield>
</record>
